|
|
|
|
| LEADER |
00000cam a2200000 a 4500 |
| 001 |
vtls001464085 |
| 003 |
SK-MaSNL |
| 005 |
20260301163332.0 |
| 008 |
240226s2003 xo al frnp 000 0 slo |
| 015 |
|
|
|a SNBA2004/03-02487
|
| 020 |
|
|
|a 8022407550
|
| 035 |
|
|
|a SNK000419390
|
| 035 |
|
|
|a urn:nbn:sk:snk-am3j1to
|
| 035 |
|
|
|a 57FD09FD-6F95-4FF1-881F-69302D0117CD
|
| 035 |
|
|
|a urn:nbn:sk:snk-am00gffl
|
| 040 |
|
|
|a SNK
|b slo
|c SNK
|e AACR2
|
| 041 |
0 |
|
|a slo
|
| 043 |
|
|
|a e-xo---
|
| 044 |
|
|
|a xo
|c SK
|
| 072 |
|
7 |
|a 577
|x Biochémia. Molekulárna biológia. Biofyzika
|2 konspekt
|
| 072 |
|
7 |
|a 37.016
|x Učebné osnovy. Vyučovacie predmety. Učebnice
|2 konspekt
|
| 080 |
|
|
|a 577.1:612.015(075.8)
|2 1997
|
| 080 |
|
|
|a 612.015(075.8)
|2 1997
|
| 080 |
|
|
|a 577.1
|2 2011
|
| 080 |
|
|
|a 577.12
|2 2011
|
| 080 |
|
|
|a (075.8)
|2 2011
|
| 080 |
|
|
|a (048.8)
|2 2011
|
| 100 |
1 |
|
|a Pecháň, Ivan,
|d 1932-2010
|4 aut
|9 25742
|
| 245 |
1 |
0 |
|a Prehľad biochémie človeka
|n II.
|p Základy metabolických procesov v ľudskom organizme a ich regulácia
|c Ivan Pecháň, Gustáv Kováč
|
| 246 |
3 |
0 |
|a Základy metabolických procesov v ľudskom organizme a ich regulácia
|
| 250 |
|
|
|a 1. vyd.
|
| 260 |
|
|
|a Trnava
|b Typi Universitatis Tyrnaviensis
|a Bratislava
|b Veda
|c 2003
|
| 300 |
|
|
|a 197 strán
|b ilustrácie, schémy, tabuľky
|c 24 cm
|
| 500 |
|
|
|a Vydala Trnavská univerzita v Trnave, Fakulta zdravotníctva a sociálnej práce
|
| 504 |
|
|
|a Obsahuje bibliografiu
|
| 650 |
0 |
7 |
|a biochémia
|2 SNKPH
|9 696
|
| 650 |
0 |
7 |
|a metabolizmus
|2 SNKPH
|9 17248
|
| 650 |
0 |
7 |
|a regulácia (biológia)
|2 SNKPH
|9 68512
|
| 655 |
|
7 |
|a učebnice vysokých škôl
|2 SNKPH
|9 70191
|
| 655 |
|
7 |
|a prehľady
|2 SNKPH
|9 70194
|
| 700 |
1 |
|
|a Kováč, Gustáv,
|d 1947-
|4 aut
|9 197579
|
| 710 |
2 |
|
|a Trnavská univerzita v Trnave.
|b Fakulta zdravotníctva a sociálnej práce
|4 pbl
|9 180172
|
| 919 |
|
|
|a 80-224-0755-0
|
| 958 |
|
|
|a TL
|
| 958 |
|
|
|a MI
|
| 958 |
|
|
|a NB
|
| 958 |
|
|
|a UV
|
| 999 |
|
|
|c 816680
|d 818610
|
| 952 |
|
|
|t P60, <03>, [BOOK], {603}
|a SNK
|b SNK
|y PREZ
|7 0
|p 17A0404842
|o snkSC 113801/2
|i snkKSP 15104/2003
|0 0
|1 0
|4 0
|d 2003-11-26
|f 1
|l 0
|r 2025-10-02 00:00:00
|w 2026-02-24
|
| 952 |
|
|
|t snkPRE/2 577.1
|a SNKUST
|b SNKUST
|y PREZ
|7 0
|p 17A0404851
|o snkSC 113801/2 D1
|i snkKSP 15105/2003
|0 0
|1 0
|4 0
|d 2003-11-26
|l 0
|r 2025-03-19 00:00:00
|w 2026-02-24
|